000 00832nam a2200229 a 4500
005 20090525142943.0
008 070816s2008 nyua b 001 0 eng
010 _aENG-93721
020 _a9788121613521
_c195.00
035 _aEN-77254
037 _bDBAD / PUB
040 _adpl
_bEnglish
082 _a615.5
100 _aVennells, David
245 _aThe path to good health and inner peace /
_cby David Vennells
260 _aNew Delhi
_bHind Pocket Books
_c2009
270 _aJ-40, Jorbagh Lane,
_bNew Delhi
_e110003
300 _a286p.:
_c23cm(pbk)
_bill.
490 _aHealth series
942 _2ddc
_cEN
_mVEN
_h615.5
999 _c26769
_d26769